| 000 | 01655nam a22003737i 4500 | ||
|---|---|---|---|
| 003 | DO-SdBNP | ||
| 005 | 20260410093019.0 | ||
| 007 | ta | ||
| 008 | 240403b2023 dr ||||| |||| 00| 0 spa d | ||
| 020 | _a9789945937626 | ||
| 040 |
_aDO-SdBNP _bspa _cBNPHU _erda |
||
| 041 | _aspa | ||
| 082 | 4 |
_a346.729307 _bR426L _222 |
|
| 110 | 1 |
_aRepública Dominicana. _9447 |
|
| 245 | 1 | 0 |
_aLey general de las sociedades comerciales y empresas individuales de responsabilidad limitada núm. 479-08, comentada y concordada : _bdoctrina, jurisprudencia y normativa complementaria / _cJuan F. Puello Herrera ; prólogo, José Luis Taveras |
| 264 | 4 |
_aSanto Domingo, República Dominicana : _bGaceta Judicial, _bEditora Judicial, S. R. L., _c©2023. |
|
| 300 |
_axxxiii, 982 páginas ; _c24 cm. |
||
| 336 |
_2rdacontent _atexto _btxt |
||
| 337 |
_2rdamedia _asin mediación _bn |
||
| 338 |
_2rdacarrier _avolumen _bnc |
||
| 490 | 0 | _aColección leyes anotadas | |
| 500 | _aG. O. núm. 10479 del 11 de diciembre de 2008. | ||
| 500 | _aIncluye referencias bibliográficas y notas al pie de las páginas | ||
| 500 | _aIncluye índice | ||
| 500 | _aModificada por la ley núm. 31-11, G.O. núm. 10605 del 10 de febrero de 2011 | ||
| 504 | _aBibliografía: páginas 957-982 | ||
| 590 | _aInventariado, 2024 /LP | ||
| 650 | 7 |
_aDerecho corporativo _zRepública Dominicana _2LIBRUNAM _989293 |
|
| 650 | 7 |
_aEmpresas privadas _zRepública Dominicana _2LIBRUNAM _989294 |
|
| 700 | 1 |
_aPuello Herrera, Juan F. _eescritor del comentario adicional _q(Juan Francisco), _989295 |
|
| 700 | 1 |
_aTaveras, José Luis, _eprólogo _910080 |
|
| 910 | _aLP | ||
| 942 |
_2ddc _cLBS1 |
||
| 999 |
_c56229 _d56229 |
||